000 00293nam a22001337a 4500
008 170727b xxu||||| |||| 00| 0 eng d
020 _a9780131391574
041 _aeng
080 _28TH
_a004
100 _a31
101 _aSHK
245 _aTECHNOLOGY IN ACTION
_cEVANS,A
942 _2udc
_cBK
999 _c22031
_d22031